Normal view MARC view

Entry Topical Term

Number of records used in: 1

001 - CONTROL NUMBER

  • control field: 45713

003 - CONTROL NUMBER IDENTIFIER

  • control field: OSt

005 - DATE AND TIME OF LATEST TRANSACTION

  • control field: 20240606145801.0

008 - FIXED-LENGTH DATA ELEMENTS

  • fixed length control field: 240606|| aca||aabn | a|a d

040 ## - CATALOGING SOURCE

  • Original cataloging agency: OSt
  • Transcribing agency: OSt

150 ## - HEADING--TOPICAL TERM

  • Topical term or geographic name entry element: Bharatiya Janata Party, BJP, Indian federalism, Federalism

670 ## - SOURCE DATA FOUND

  • Source citation: Work cat.: (OSt)524227: Sharma, Mool Raj 45712, One-party dominance of BJP: Emerging dynamics of conflict and co-operation in Indian federalism

Powered by Koha